000 00555nam a2200181 i 4500
001 38220
003 ES-MaACL
005 20250730063056.0
007 t|
008 030225s1905 xxk ||||1| eng d
100 0 _aBurke, Edmund,
_d1729-1797
_932698
245 1 3 _aAn essay on the sublime and beautiful /
_cby Edmund Burke ; with and introduction by Henry Morley.
260 _aLondon :
_bCassell and Company,
_c1905.
300 _a192 p. ;
_c16 cm.
700 1 _aMorley, Henry.
_983602
852 _aES-MaACL
_jF-909
999 _c38220
_d38220